000 01002cam a22002897a 4500
003 CHAP
005 20220329135501.0
008 971013s1975 r 00010 d
010 _a37346
011 _a38318
035 _a42438
040 _cCHAP
090 _aFolleto 8973 (1975)
110 _aMéxico. Dirección General de Educación Tecnológica Agropecuaria
_976981
245 0 _aEnergía
_b: preparación técnica elemental, conocimientos básicos, texto primero
260 _aMéxico, D.F. :
_bCECSA,
_c1975
300 _a73 p.
_b: ilus
590 _aBATCH-UPD
_b10
_c20130110
_lUCH01
_h1540
590 _aBATCH-UPD
_b10
_c20130410
_lUCH01
_h0942
590 _aBATCH-UPD
_b10
_c20130914
_lUCH01
_h1307
590 _aCONVERSION
_b10
_c20130109
_lUCH01
_h1321
650 1 4 _aEnergía.
_936881
901 _aBK
942 _cFOLL
949 _aFolleto 8973 (1975)
_bBC
_cFOLL
_d-97749
_eTS1
_gI.c/e
_i42438
_si
_t360.00
949 _aFolleto 8973 (1975)
_bBC
_cFOLL
_d-97750
_eTS2
_fc.2
_gI.c/e
_i42438
_si
_t360.00
999 _c37346
_d37346